000 00432nam a2200169Ia 4500
001 13421
003 IN-NITTTR
005 20251114233126.0
008 251113s9999||||xx |||||||||||||| ||eng||
040 _beng
040 _cIN-NITTTR
041 _aeng
082 _a371.334 P345C
100 _aPeelle, Howard
245 0 _aComputer metaphors :
_b approaches to computer literacy for educators /
_cPeelle, Howard
942 _2ddc
_cBK
999 _c16057
_d16057